[Event "V Chebanenko Rapid Open 2014"]
[Site "Chisinau MDA"]
[Date "2014.04.01"]
[Round "1.2"]
[White "Vedmediuc, Serghei"]
[Black "Shirov, Alexei"]
[Result "0-1"]
[WhiteTitle "IM"]
[BlackTitle "GM"]
[WhiteElo "2448"]
[BlackElo "2702"]
[WhiteFideId "13900790"]
[BlackFideId "2209390"]
[EventDate "2014.04.01"]

1. e4 c5 2. Nf3 Nc6 3. d4 cxd4 4. Nxd4 e5 5. Nb5 d6 6. N1c3 a6 7. Na3 Be6 8. Nc4
b5 9. Ne3 Nf6 10. a3 g6 11. g3 Bg7 12. Bg2 O-O 13. O-O Rc8 14. Ncd5 Nd7 15. a4
b4 16. Bd2 a5 17. c3 bxc3 18. Bxc3 Nc5 19. Nc4 Kh8 20. Nde3 Nd4 21. Bxa5 Qe7 22.
Bb4 Qb7 23. Ba3 Qa6 24. Bxc5 Rxc5 25. b3 f5 26. exf5 gxf5 27. f4 exf4 28. gxf4
Nxb3 29. Rb1 Nd4 0-1

[Event "V Chebanenko Rapid Open 2014"]
[Site "Chisinau MDA"]
[Date "2014.04.01"]
[Round "2.2"]
[White "Shirov, Alexei"]
[Black "Hamitevici, Vladimir"]
[Result "1-0"]
[WhiteTitle "GM"]
[BlackTitle "IM"]
[WhiteElo "2702"]
[BlackElo "2462"]
[WhiteFideId "2209390"]
[BlackFideId "13902393"]
[EventDate "2014.04.01"]

1. e4 c5 2. Nf3 Nc6 3. Bb5 e6 4. O-O Nge7 5. d4 cxd4 6. Nxd4 Qb6 7. Nxc6 bxc6 8.
Bd3 Ng6 9. c4 Bd6 10. Nc3 Qc7 11. g3 h5 12. f4 h4 13. e5 hxg3 14. exd6 Qb6+ 15.
Kg2 Rxh2+ 16. Kxg3 Rh6 17. f5 Qd4 18. Bxh6 Qh4+ 19. Kg2 Qxh6 20. fxg6 Qg5+ 21.
Kh3 1-0

[Event "V Chebanenko Rapid Open 2014"]
[Site "Chisinau MDA"]
[Date "2014.04.01"]
[Round "3.1"]
[White "Shirov, Alexei"]
[Black "Kuzubov, Yuriy"]
[Result "1-0"]
[WhiteTitle "GM"]
[BlackTitle "GM"]
[WhiteElo "2702"]
[BlackElo "2639"]
[WhiteFideId "2209390"]
[BlackFideId "14112906"]
[EventDate "2014.04.01"]

1. e4 c5 2. Nf3 Nc6 3. Bb5 e6 4. O-O Nge7 5. d4 cxd4 6. Nxd4 Qb6 7. Nxc6 bxc6 8.
Bd3 Ng6 9. c4 Bc5 10. Nc3 Qc7 11. Rb1 Rb8 12. a3 d6 13. b4 Bb6 14. Kh1 e5 15.
Ne2 O-O 16. Qc2 Qe7 17. Ng3 Nf4 18. Nf5 Bxf5 19. exf5 d5 20. Bxf4 exf4 21. c5
Bc7 22. Qa4 Qd7 23. Rfe1 Bd8 24. b5 cxb5 25. Rxb5 Bf6 26. Qa6 Rxb5 27. Qxb5 Qxb5
28. Bxb5 g6 29. Bd7 Rb8 30. g3 fxg3 31. hxg3 Rb2 32. Ba4 Bd4 33. c6 Bb6 34. f6
h5 35. f4 g5 36. fxg5 d4 37. g6 fxg6 38. Re7 d3 39. c7 Rb1+ 40. Kg2 Rg1+ 41. Kh2
Rc1 42. Bb3+ Kf8 43. Rg7 1-0

[Event "V Chebanenko Rapid Open 2014"]
[Site "Chisinau MDA"]
[Date "2014.04.01"]
[Round "4.1"]
[White "Lysyj, Igor"]
[Black "Shirov, Alexei"]
[Result "1/2-1/2"]
[WhiteTitle "GM"]
[BlackTitle "GM"]
[WhiteElo "2662"]
[BlackElo "2702"]
[WhiteFideId "4150120"]
[BlackFideId "2209390"]
[EventDate "2014.04.01"]

1. d4 d5 2. c4 c6 3. Nf3 Nf6 4. g3 dxc4 5. Bg2 b5 6. Ne5 Bb7 7. O-O e6 8. b3
cxb3 9. axb3 Be7 10. Nc3 a6 11. Bg5 O-O 12. Qd2 h6 13. Bxf6 Bxf6 14. Rfd1 Qc7
15. Qf4 Bg5 16. Qg4 Ra7 17. e3 Bc8 18. Rac1 c5 19. Ne2 Nd7 20. Nc6 Ra8 21. dxc5
Bb7 22. Ned4 Bxc6 23. Nxc6 Rac8 24. b4 Bf6 25. Qe4 Ne5 26. Na5 Rfd8 27. h3 Rxd1+
28. Rxd1 Rd8 29. Rd4 Rxd4 30. exd4 Nc4 31. Qa8+ Qd8 32. Qxd8+ Bxd8 33. Nc6 Bc7
34. d5 exd5 35. Ne7+ Kf8 36. Nxd5 Be5 37. f4 Bd4+ 38. Kh2 a5 39. bxa5 Nxa5 40.
Bf1 1/2-1/2

[Event "V Chebanenko Rapid Open 2014"]
[Site "Chisinau MDA"]
[Date "2014.04.01"]
[Round "5.1"]
[White "Hamitevici, Vladimir"]
[Black "Kuzubov, Yuriy"]
[Result "0-1"]
[WhiteTitle "IM"]
[BlackTitle "GM"]
[WhiteElo "2462"]
[BlackElo "2639"]
[WhiteFideId "13902393"]
[BlackFideId "14112906"]
[EventDate "2014.04.01"]

1. Nf3 g6 2. d4 Bg7 3. e4 d6 4. c3 Nf6 5. Bd3 Nbd7 6. O-O O-O 7. Re1 e5 8. a4 a5
9. Na3 Re8 10. Bg5 h6 11. Bh4 Nb6 12. h3 Bd7 13. b3 Qc8 14. Nb5 Nh5 15. dxe5
dxe5 16. c4 Be6 17. c5 Nd7 18. Rc1 Nb8 19. Bc4 Nf4 20. Bxe6 Nxe6 21. Qd3 Na6 22.
Qe3 Nb4 23. Red1 Nc6 24. Rd5 f5 25. exf5 Nf4 26. Rdd1 gxf5 27. Qd2 Ng6 28. Qd5+
Kh7 29. Qd7 Nd4 30. Qxc8 Nxf3+ 31. gxf3 Raxc8 32. Bg3 f4 33. Bh2 Re6 34. Rd7 Nf8
35. Rxc7 Rxc7 36. Nxc7 Rc6 37. Nd5 Ne6 38. b4 axb4 39. Nxb4 Rxc5 40. Rxc5 Nxc5
41. a5 Bf8 42. Kf1 Kg6 43. Ke2 Na6 44. Nd5 Bb4 45. Kd3 Kf5 46. Kc4 Bxa5 47. Ne7+
Ke6 48. Ng6 Bb6 49. h4 Bxf2 50. h5 Be3 51. Kd3 b5 52. Nh4 Bd4 53. Ng6 0-1

[Event "V Chebanenko Rapid Open 2014"]
[Site "Chisinau MDA"]
[Date "2014.04.02"]
[Round "6.3"]
[White "Kuzubov, Yuriy"]
[Black "Slovineanu, Viacheslav"]
[Result "1-0"]
[WhiteTitle "GM"]
[BlackTitle "IM"]
[WhiteElo "2639"]
[BlackElo "2431"]
[WhiteFideId "14112906"]
[BlackFideId "13900510"]
[EventDate "2014.04.01"]

1. c4 c6 2. Nf3 d5 3. e3 e6 4. Nc3 Nf6 5. b3 Nbd7 6. Bb2 Bd6 7. Qc2 Qe7 8. Be2
e5 9. cxd5 Nxd5 10. Ne4 Ba3 11. Bxa3 Qxa3 12. O-O Qe7 13. Rfd1 O-O 14. Ng3 g6
15. d4 Re8 16. dxe5 Nxe5 17. Nxe5 Qxe5 18. Rac1 Be6 19. Qc5 f6 20. Bf3 Bf7 21.
Ne4 Red8 22. h3 Kg7 23. Qa5 Qe7 24. Rd4 b6 25. Qa4 c5 26. Rdd1 Rac8 27. a3 Rc7
28. Ng3 f5 29. e4 fxe4 30. Nxe4 Rcd7 31. Re1 Qf8 32. b4 1-0

[Event "V Chebanenko Rapid Open 2014"]
[Site "Chisinau MDA"]
[Date "2014.04.02"]
[Round "8.1"]
[White "Zajarnyi, Anatolyi"]
[Black "Shirov, Alexei"]
[Result "0-1"]
[WhiteTitle "IM"]
[BlackTitle "GM"]
[WhiteElo "2274"]
[BlackElo "2702"]
[WhiteFideId "13900315"]
[BlackFideId "2209390"]
[EventDate "2014.04.01"]

1. e4 c5 2. b4 cxb4 3. a3 e5 4. Nf3 Nc6 5. Bc4 Nf6 6. Ng5 d5 7. exd5 Nxd5 8. Qh5
g6 9. Qf3 Qxg5 10. Bxd5 Nd8 11. O-O Bg7 12. axb4 O-O 13. Nc3 Ne6 14. Qe3 Nf4 15.
Rxa7 Nh3+ 16. Kh1 Qxe3 17. fxe3 Rxa7 18. gxh3 Bxh3 19. Re1 Ra1 20. b5 b6 21. Kg1
Bf6 22. Ne4 Bh4 23. Nf2 Be6 24. Bc6 f5 25. d3 f4 26. exf4 Rxf4 0-1

[Event "V Chebanenko Rapid Open 2014"]
[Site "Chisinau MDA"]
[Date "2014.04.02"]
[Round "9.1"]
[White "Shirov, Alexei"]
[Black "Bernadskiy, Vitaliy"]
[Result "0-1"]
[WhiteTitle "GM"]
[BlackTitle "IM"]
[WhiteElo "2702"]
[BlackElo "2541"]
[WhiteFideId "2209390"]
[BlackFideId "14100371"]
[EventDate "2014.04.01"]

1. e4 c6 2. d4 d5 3. e5 c5 4. dxc5 Nc6 5. Bb5 e6 6. Be3 Ne7 7. c3 Bd7 8. Bxc6
Bxc6 9. Nf3 Nf5 10. Bd4 Nxd4 11. Qxd4 a5 12. a4 Be7 13. b4 axb4 14. cxb4 Bxa4
15. Nc3 Bd7 16. O-O O-O 17. Qe3 b6 18. cxb6 Rb8 19. Ra7 Bxb4 20. Na2 Be7 21. Rb1
Bc6 22. Nd4 Bb7 23. Nc3 Qd7 24. Ncb5 Bc5 25. Nc7 Bc6 26. Ncb5 Bb7 27. Nc3 Rfc8
28. Qd3 Be7 29. h3 Rc4 30. Ncb5 Bc5 31. Nf3 Bxb6 32. Raa1 Bc5 33. Nbd4 Qc8 34.
Ne2 Bc6 35. Ng5 g6 36. Qf3 Be8 37. Qd3 Be7 38. Nf3 Kg7 39. Ra7 Rxb1+ 40. Qxb1
Bc5 41. Rb7 Bc6 42. Rb8 Qc7 43. Rb3 d4 44. Qd3 Bxf3 45. Qxc4 Bd5 46. Qd3 Bxb3
47. Qxb3 Qxe5 48. Kf1 d3 49. Nc3 d2 0-1